[Event "St Petersburg op"]
[Site "St Petersburg"]
[Date "2008.01.14"]
[Round "1"]
[White "Rutman, Aleksandr"]
[Black "Korchagina, Victoria"]
[Result "1-0"]
[WhiteElo "2261"]
[BlackElo "2182"]
[PlyCount "97"]
[EventDate "2008.01.14"]
[EventType "swiss"]
[EventRounds "9"]
[EventCountry "RUS"]
[SourceTitle "EXT 2009"]
[Source "ChessBase"]
[SourceDate "2008.11.26"]
[SourceVersion "1"]
[SourceVersionDate "2008.11.26"]
[SourceQuality "1"]

1. e4 c5 2. Nf3 d6 3. d4 cxd4 4. Nxd4 Nf6 5. Nc3 a6 6. Bg5 e6 7. f4 Be7 8. Qf3 Qc7 9. 0-0-0 Nbd7 10. g4 b5 11. Bxf6 Nxf6 12. g5 Nd7 13. a3 Rb8 14. h4 b4 15. axb4 Rxb4 16. Bh3 Nc5 17. f5 Qb7 18. fxe6 0-0 19. exf7+ Rxf7 20. Bxc8 Qxc8 21. Nf5 Rb8 22. Rhf1 Kh8 23. Nxe7 Rxe7 24. Rxd6 Re8 25. Rd5 Ne6 26. Qd3 Qb7 27. b3 Qb4 28. Kb2 a5 29. Rff5 Red8 30. Rfe5 Re8 31. Rb5 Rxb5 32. Qxb5 Qe7 33. Qd5 Qf7 34. Nb5 Qg8 35. h5 Nf4 36. Qxg8+ Rxg8 37. Nd6 Rf8 38. h6 gxh6 39. gxh6 Ng6 40. Rxa5 Rb8 41. Ra7 Ne5 42. Nf7+ Nxf7 43. Rxf7 Kg8 44. Rf6 Re8 45. Rf4 Re6 46. c4 Rxh6 47. c5 Rc6 48. b4 h5 49. Rh4 1-0

[Event "St Petersburg op U18"]
[Site "St Petersburg"]
[Date "2008.01.12"]
[Round "8"]
[White "Kashtanov, Ruslan"]
[Black "Rutman, Aleksandr"]
[Result "1-0"]
[WhiteElo "2332"]
[BlackElo "2261"]
[PlyCount "67"]
[EventDate "2008.01.05"]
[EventType "swiss"]
[EventRounds "9"]
[EventCountry "RUS"]
[SourceTitle "CBM 122 Extra"]
[Source "ChessBase"]
[SourceDate "2008.03.04"]
[SourceVersion "1"]
[SourceVersionDate "2008.03.04"]
[SourceQuality "1"]

1. e4 e5 2. Nf3 Nc6 3. d4 exd4 4. Nxd4 Bc5 5. Nb3 Bb4+ 6. c3 Be7 7. c4 Bb4+ 8. Nc3 Nf6 9. f3 d6 10. Qd2 0-0 11. a3 Na5 12. Nxa5 Bxa5 13. b4 Bb6 14. Bb2 Re8 15. 0-0-0 Be6 16. Kb1 Nd7 17. Nd5 f6 18. Nf4 Nf8 19. g4 Bf7 20. g5 fxg5 21. Nd5 Ng6 22. Qc3 Ne5 23. c5 dxc5 24. bxc5 c6 25. Ne3 Qf6 26. cxb6 axb6 27. Nf5 Bg6 28. h4 Rad8 29. Rxd8 Qxd8 30. Bc4+ Kh8 31. h5 Bxf5 32. exf5 b5 33. Be6 Qd3+ 34. Ka1 1-0